00554nam a2200193 a 4500001001300000003000900013005001700022008004100039020002300080082001600103100001700119245006400136260004200200300000800242500003500250505002400285650003400309700001700343nice12345678IN_TiNIC20260116013114.0050524s1988 loua grp 000 0 eng  a0664661 c24500a220.1bBAR1 aBarton, John aPeople of the Bookb Authority of the Bible in Christianity aLouisvillebWestminister Press c1988 a96p aincludes index and biblioraphy2 aBibliography, Index aBible-Evidences and Authority1 aBarton, John